[Event "XVII Festival A"]
[Site "Campobasso ITA"]
[Date "2010.07.25"]
[Round "5"]
[White "Altini, Nicola"]
[Black "Collutiis, Duilio"]
[Result "0-1"]
[WhiteElo "2120"]
[BlackElo "2438"]
[PlyCount "139"]
[EventDate "2010.07.23"]

1. Nf3 c5 2. c4 Nf6 3. Nc3 e6 4. g3 b6 5. Bg2 Bb7 6. O-O Be7 7. d4 cxd4 8. Nxd4
Bxg2 9. Kxg2 Qc7 10. Qd3 Nc6 11. Nxc6 Qxc6+ 12. e4 O-O 13. f3 Rfc8 14. e5 Ne8
15. b3 d5 16. exd6 Nxd6 17. Bf4 Rd8 18. Bxd6 Rxd6 19. Qe2 Rad8 20. Rad1 f5 21.
Rxd6 Rxd6 22. Nb5 Rd7 23. Rd1 Bf6 24. Rxd7 Qxd7 25. f4 Kf7 26. a4 a6 27. Na3
Qd4 28. Nb1 h6 29. h4 a5 30. Na3 Qc3 31. Nb5 Qb4 32. Qd3 Ke7 33. Qf3 Qd2+ 34.
Kf1 Qd7 35. Ke2 Kf7 36. Qa8 Be7 37. Qf3 Bc5 38. Qh5+ Kg8 39. Qf3 Kf7 40. Qh5+
Kf8 41. Qf3 Ke7 42. Qc3 Kf7 43. Qf3 Bb4 44. Kf1 Kg6 45. Kg2 Qd2+ 46. Qf2 Qxf2+
47. Kxf2 Bc5+ 48. Ke2 Kf6 49. Nc3 g6 50. Kf3 e5 51. Nd5+ Ke6 52. fxe5 Kxe5 53.
Ke2 g5 54. hxg5 hxg5 55. Nc3 Bd4 56. Nb5 Bb2 57. Nc7 Bd4 58. Nd5 Ke4 59. b4
axb4 60. Nxb4 f4 61. Nc6 Bc3 62. Ne7 f3+ 63. Kf1 Bd2 64. Nd5 Be3 65. Nc3+ Kd3
66. Nd5 Bc5 67. Nxb6 Bxb6 68. a5 Bxa5 69. Kf2 Ke4 70. c5 0-1

[Event "XVII Festival A"]
[Site "Campobasso ITA"]
[Date "2010.07.25"]
[Round "5"]
[White "Bottega, Antonio"]
[Black "Petruccioli, Antonio"]
[Result "0-1"]
[WhiteElo "1963"]
[BlackElo "2113"]
[PlyCount "112"]
[EventDate "2010.07.23"]

1. d4 c5 2. Nf3 cxd4 3. Nxd4 e5 4. Nf3 Nf6 5. g3 e4 6. Nd4 Nc6 7. Bg2 d5 8. O-O
Bc5 9. Nb3 Bb6 10. Bg5 Be6 11. Nc3 h6 12. Bxf6 gxf6 13. Na4 Ke7 14. Nxb6 Qxb6
15. Qd2 Rac8 16. c3 Ne5 17. Rab1 Qa6 18. a3 h5 19. f4 Nc4 20. Qd4 Qb5 21. f5
Bd7 22. Nd2 Nd6 23. a4 Qb6 24. Qxb6 axb6 25. Bh3 Bxa4 26. b3 Bd7 27. Rbc1 b5
28. Rf4 Rc7 29. Nf1 d4 30. c4 bxc4 31. bxc4 Rhc8 32. Nd2 e3 33. Nb3 Rxc4 34.
Rxc4 Rxc4 35. Rxd4 b5 36. Rd3 Re4 37. Nc5 Re5 38. Nxd7 Kxd7 39. g4 hxg4 40.
Bxg4 Kc7 41. Kg2 Nc4 42. h4 Re4 43. Bh5 Rxh4 44. Bxf7 Rg4+ 45. Kh3 Re4 46. Kg3
Ne5 47. Rc3+ Kd6 48. Bh5 b4 49. Rb3 Kc5 50. Be8 Rg4+ 51. Kh3 Rg8 52. Bh5 Rh8
53. Kh4 Nc4 54. Kg4 Ra8 55. Bf7 Ra3 56. Rb1 Ne5+ 0-1

[Event "XVII Festival A"]
[Site "Campobasso ITA"]
[Date "2010.07.25"]
[Round "5"]
[White "Bove, Raffaele"]
[Black "Ficco, Corrado"]
[Result "0-1"]
[WhiteElo "1917"]
[BlackElo "2136"]
[PlyCount "84"]
[EventDate "2010.07.23"]

1. e4 c5 2. Nf3 e6 3. d4 cxd4 4. Nxd4 Nf6 5. Bd3 Nc6 6. Nb3 Be7 7. Nc3 d6 8.
O-O a6 9. Be3 O-O 10. f4 Qc7 11. a3 b5 12. Qf3 Bb7 13. h3 Rfe8 14. Qf2 Nd7 15.
f5 Bf6 16. g4 Bxc3 17. bxc3 Nce5 18. fxe6 fxe6 19. Bd4 Rf8 20. Qe3 Rac8 21.
Rxf8+ Rxf8 22. Rf1 Nxd3 23. Rxf8+ Kxf8 24. Qxd3 e5 25. Bf2 Kg8 26. Nd2 Nc5 27.
Bxc5 Qxc5+ 28. Kh2 Qxa3 29. c4 Qxd3 30. cxd3 Kf7 31. cxb5 axb5 32. Kg3 Ke6 33.
Nb3 b4 34. Kf3 Bc6 35. Na5 Bb5 36. Ke3 d5 37. exd5+ Kxd5 38. Nb3 Bd7 39. Kf3
Ba4 40. Nd2 Kd4 41. Ke2 b3 42. h4 b2 0-1

[Event "XVII Festival A"]
[Site "Campobasso ITA"]
[Date "2010.07.25"]
[Round "5"]
[White "Campanella, Giovanni"]
[Black "Crafa, Carmine"]
[Result "1-0"]
[WhiteElo "1905"]
[BlackElo "1856"]
[PlyCount "105"]
[EventDate "2010.07.23"]

1. e4 e5 2. Nf3 Nc6 3. Nc3 Nf6 4. Bb5 Bb4 5. O-O d6 6. Re1 O-O 7. d3 Bg4 8.
Bxc6 bxc6 9. Bg5 Re8 10. Qe2 Qe7 11. Rab1 Rab8 12. a3 Ba5 13. b4 Bb6 14. a4 Bd4
15. Nd1 a6 16. c3 Ba7 17. Ne3 Bxe3 18. Qxe3 h6 19. Bh4 Qe6 20. Nd2 Nh7 21. Qa7
Qc8 22. Nc4 Qb7 23. Qxb7 Rxb7 24. Na5 Rb6 25. f3 Bd7 26. d4 exd4 27. Nc4 Rbb8
28. cxd4 f6 29. Rec1 Nf8 30. Na5 Rb6 31. h3 Reb8 32. Bf2 Rxb4 33. Rxb4 Rxb4 34.
Nxc6 Rxa4 35. Nb8 Bb5 36. Rxc7 Ra1+ 37. Kh2 Ra2 38. Kg3 a5 39. Nc6 a4 40. Ne7+
Kh7 41. Nf5 a3 42. Rxg7+ Kh8 43. Ra7 d5 44. exd5 Bc4 45. d6 Be6 46. Nxh6 Ra1
47. Ng4 a2 48. Nxf6 Rb1 49. d5 a1=Q 50. Rxa1 Rxa1 51. d7 Nxd7 52. Nxd7 Bxd7 53.
Bd4+ 1-0

[Event "XVII Festival A"]
[Site "Campobasso ITA"]
[Date "2010.07.25"]
[Round "5"]
[White "Cetera, Nicola"]
[Black "D'Aquino, Ugo"]
[Result "1-0"]
[WhiteElo "1889"]
[BlackElo "1653"]
[PlyCount "129"]
[EventDate "2010.07.23"]

1. d4 f5 2. Bf4 Nf6 3. h3 e6 4. Nf3 d5 5. e3 c6 6. c3 Nbd7 7. Nbd2 Be7 8. Bd3
O-O 9. Ng5 Nb6 10. Qc2 Bd7 11. Ndf3 Be8 12. Ne5 Nbd7 13. Ngf3 Nxe5 14. Nxe5 Nd7
15. Nxd7 Bxd7 16. Be5 c5 17. dxc5 Bxc5 18. Bd4 Bd6 19. f4 h6 20. O-O a6 21. Qf2
g5 22. Qf3 Be8 23. g3 Bg6 24. Kg2 Qe8 25. Rh1 Rf7 26. Qe2 Rh7 27. Bf6 Be7 28.
Be5 Kf8 29. Qc2 Bh5 30. g4 Bg6 31. gxf5 exf5 32. Bxf5 Bxf5 33. Qxf5+ Qf7 34.
Qxf7+ Rxf7 35. Rhf1 Ke8 36. Rad1 Rd8 37. Rd3 Bc5 38. fxg5 Rxf1 39. Kxf1 hxg5
40. Bf6 Be7 41. Bxe7 Kxe7 42. Kf2 Rd6 43. Kg3 Re6 44. Kf3 Re5 45. Rd4 Kf6 46.
e4 dxe4+ 47. Rxe4 Rf5+ 48. Ke2 Ra5 49. a3 Rc5 50. Ke3 Rd5 51. h4 gxh4 52. Rxh4
Rb5 53. Rb4 Ke5 54. Rxb5+ axb5 55. b3 Kd5 56. Kd3 Kc5 57. Ke4 Kd6 58. Kd4 b6
59. c4 bxc4 60. Kxc4 Kc6 61. a4 Kb7 62. Kd5 Kc7 63. b4 b5 64. a5 Kb7 65. Kc5
1-0

[Event "XVII Festival A"]
[Site "Campobasso ITA"]
[Date "2010.07.25"]
[Round "5"]
[White "Cordi', Domenico"]
[Black "Fezza, Davide"]
[Result "0-1"]
[WhiteElo "2047"]
[BlackElo "2070"]
[PlyCount "58"]
[EventDate "2010.07.23"]

1. d4 Nf6 2. c4 g6 3. Nc3 Bg7 4. e4 d6 5. Nf3 O-O 6. Be2 e5 7. O-O Nc6 8. d5
Ne7 9. Bd2 Ne8 10. Ne1 f5 11. f3 f4 12. b4 g5 13. c5 h5 14. Nd3 Ng6 15. Rc1 Nh4
16. cxd6 cxd6 17. Nf2 Rf7 18. a4 Bf8 19. Kh1 Nf6 20. Be1 Rg7 21. Nd3 Nh7 22.
Nf2 g4 23. fxg4 hxg4 24. Nxg4 Qg5 25. h3 Nf6 26. Bxh4 Qxh4 27. Nxf6+ Qxf6 28.
Bf3 Qh6 29. Rc2 Be7 0-1

[Event "XVII Festival A"]
[Site "Campobasso ITA"]
[Date "2010.07.25"]
[Round "5"]
[White "Distaso, Antonio"]
[Black "Adriani, Vieri"]
[Result "0-1"]
[WhiteElo "1974"]
[BlackElo "2173"]
[PlyCount "86"]
[EventDate "2010.07.23"]

1. e4 c6 2. Nf3 d5 3. Nc3 Bg4 4. h3 Bxf3 5. Qxf3 Nf6 6. e5 Nfd7 7. d4 e6 8. Be3
c5 9. Bb5 cxd4 10. Bxd7+ Qxd7 11. Bxd4 Nc6 12. Ne2 Qc7 13. Qd3 Nxd4 14. Qxd4
Be7 15. c3 O-O 16. f4 Bc5 17. Qd2 Qb6 18. Nd4 Rac8 19. b3 Rc7 20. Ke2 Rfc8 21.
Rhd1 f6 22. Nf3 fxe5 23. Nxe5 Rf8 24. Rf1 Bd6 25. Rf3 Rf5 26. g4 Rf6 27. Raf1
Qc5 28. R1f2 Rc8 29. a4 Qc7 30. g5 Rf5 31. Ng4 Rcf8 32. Qe3 Qe7 33. Rf1 Qf7 34.
Ne5 Bxe5 35. fxe5 Qh5 36. R1f2 Rxf3 37. Rxf3 Rxf3 38. Qxf3 Qxg5 39. Qe3 Qxe3+
40. Kxe3 g5 41. c4 dxc4 42. bxc4 Kf7 43. c5 a6 0-1

[Event "XVII Festival A"]
[Site "Campobasso ITA"]
[Date "2010.07.25"]
[Round "5"]
[White "Galasso, Luigi"]
[Black "Bocci, Alessandro"]
[Result "1/2-1/2"]
[WhiteElo "2024"]
[BlackElo "1961"]
[PlyCount "81"]
[EventDate "2010.07.23"]

1. c4 Nf6 2. Nc3 g6 3. g3 Bg7 4. Bg2 O-O 5. Nf3 d6 6. O-O e5 7. d3 Nc6 8. Rb1
a5 9. a3 Nd4 10. Bg5 c6 11. Ne4 Bg4 12. Nxd4 exd4 13. Re1 Bf5 14. Qc1 Bxe4 15.
Bxe4 Qc7 16. Bf3 Nd7 17. Bf4 Ne5 18. Bxe5 dxe5 19. Qc2 f5 20. b4 axb4 21. axb4
Kh8 22. Rb3 Rae8 23. c5 Qf7 24. Rf1 e4 25. dxe4 fxe4 26. Bg2 Qe6 27. b5 Rf7 28.
bxc6 bxc6 29. f3 e3 30. f4 Ra7 31. Rfb1 Rea8 32. Rb8+ Bf8 33. Bf3 Kg7 34. Rxa8
Rxa8 35. Rb7+ Kh8 36. Kg2 Ra2 37. Rb2 Rxb2 38. Qxb2 Bxc5 39. Qb8+ Kg7 40. Qc7+
Qe7 41. Qxc6 1/2-1/2

[Event "XVII Festival A"]
[Site "Campobasso ITA"]
[Date "2010.07.25"]
[Round "5"]
[White "Gerardi, Saverio"]
[Black "Georgiev, Vladimir"]
[Result "0-1"]
[WhiteElo "2193"]
[BlackElo "2586"]
[PlyCount "108"]
[EventDate "2010.07.23"]

1. e4 e5 2. Nf3 Nc6 3. Nc3 Nf6 4. d4 exd4 5. Nxd4 Bc5 6. Be3 Bb6 7. Nxc6 bxc6
8. e5 Bxe3 9. exf6 Bh6 10. fxg7 Bxg7 11. Qf3 O-O 12. Bd3 d5 13. O-O Rb8 14. Nd1
f5 15. Re1 Qg5 16. Rb1 f4 17. h3 Bd7 18. Nc3 h5 19. Na4 Rbe8 20. Nc5 Bg4 21.
hxg4 hxg4 22. Bh7+ Kxh7 23. Qd3+ Kh8 24. Ne6 Rxe6 25. Rxe6 g3 26. Rf1 f3 27.
fxg3 Qg4 28. Qg6 f2+ 29. Kh2 Qxg6 30. Rxg6 c5 31. Kh3 Bxb2 32. Kg4 Rf7 33. Rg5
c6 34. Rh1+ Rh7 35. Rxh7+ Kxh7 36. Rf5 Bd4 37. Rf3 Kg6 38. Kh3 Be3 39. g4 d4
40. g3 c4 41. Kg2 c3 42. Kf1 c5 43. Ke2 c4 44. Rf5 d3+ 45. Kd1 a5 46. a4 Bb6
47. Kc1 Bd4 48. Kd1 Be3 49. Rf8 Kh6 50. Rf5 Kg7 51. Rf3 Bc5 52. Rf5 Bd4 53. Rf4
Kg6 54. Rf8 Bf6 0-1

[Event "XVII Festival A"]
[Site "Campobasso ITA"]
[Date "2010.07.25"]
[Round "5"]
[White "Lattanzio, Savino"]
[Black "Consalvo, Gerardo"]
[Result "1/2-1/2"]
[WhiteElo "2061"]
[BlackElo "2002"]
[PlyCount "36"]
[EventDate "2010.07.23"]

1. d4 d5 2. Nf3 c6 3. g3 e6 4. Bg2 Bd6 5. b3 Qe7 6. Bb2 f5 7. c4 Nf6 8. Nbd2
O-O 9. O-O a5 10. Ne5 Nbd7 11. Ndf3 Ne4 12. Nxd7 Bxd7 13. Ne5 a4 14. f3 Nf6 15.
c5 Bc7 16. b4 Be8 17. a3 Nd7 18. Qd3 Nxe5 1/2-1/2

[Event "XVII Festival A"]
[Site "Campobasso ITA"]
[Date "2010.07.25"]
[Round "5"]
[White "Mazza, Daniele"]
[Black "Di Lascio, Savino"]
[Result "0-1"]
[WhiteElo "1836"]
[BlackElo "1910"]
[PlyCount "84"]
[EventDate "2010.07.23"]

1. d4 Nf6 2. c4 d6 3. Nc3 g6 4. e4 Nbd7 5. Nf3 Bg7 6. Bg5 h6 7. Be3 O-O 8. Qd2
Kh7 9. h3 c5 10. d5 Nb6 11. Bd3 e5 12. a3 a5 13. Ke2 Nxe4 14. Nxe4 f5 15. Qc2
fxe4 16. Bxe4 Bf5 17. Nd2 Qf6 18. g4 Bxe4 19. Nxe4 Qf3+ 20. Kd2 Ra6 21. Rag1
Nd7 22. h4 Rb6 23. h5 Nf6 24. hxg6+ Kg8 25. Nxf6+ Rxf6 26. Rh2 Rf8 27. Rg3 Qf6
28. g5 hxg5 29. Rxg5 e4 30. b3 a4 31. b4 cxb4 32. Bxb6 b3 33. Qxe4 Qxg5+ 34.
Be3 Qf6 35. Qe6+ Qxe6 36. dxe6 Re8 37. Rg2 Rxe6 38. Bb6 d5 39. cxd5 Rxb6 40.
Rg1 Bh6+ 41. Kd3 b2 42. Rb1 Bc1 0-1

[Event "XVII Festival A"]
[Site "Campobasso ITA"]
[Date "2010.07.25"]
[Round "5"]
[White "Mrdja, Milan"]
[Black "Ljubisavljevic, Zivojin Z."]
[Result "1-0"]
[WhiteElo "2372"]
[BlackElo "2271"]
[PlyCount "86"]
[EventDate "2010.07.23"]

1. e4 e6 2. Qe2 c5 3. Nf3 Nc6 4. g3 g6 5. Bg2 Bg7 6. O-O Nge7 7. d3 O-O 8. c3
d5 9. e5 b5 10. h4 h6 11. Re1 b4 12. Bf4 bxc3 13. bxc3 Rb8 14. Nbd2 Qa5 15. Nb3
Qb5 16. Qe3 Rd8 17. Rad1 d4 18. cxd4 Nf5 19. Qc1 Ncxd4 20. Nbxd4 Nxd4 21. Nxd4
Rxd4 22. Bxh6 Bb7 23. Bxg7 Kxg7 24. Qg5 Bxg2 25. Qf6+ Kg8 26. Kxg2 Rxd3 27.
Rxd3 Qxd3 28. Re3 Qf5 29. Qe7 Qb1 30. Qxa7 Qb7+ 31. Qxb7 Rxb7 32. Rc3 Ra7 33.
a3 Ra4 34. f4 Kf8 35. Kf3 Ke7 36. Kg4 f6 37. exf6+ Kxf6 38. Kf3 Kg7 39. Ke2 Kf6
40. Re3 Rd4 41. Kf3 Rd7 42. Rc3 Rd4 43. Ke3 43... Ra4 {...} 1-0

[Event "XVII Festival A"]
[Site "Campobasso ITA"]
[Date "2010.07.25"]
[Round "5"]
[White "Parrini, Daniele"]
[Black "Grasso, Nino"]
[Result "1-0"]
[WhiteElo "2109"]
[BlackElo "1942"]
[PlyCount "120"]
[EventDate "2010.07.23"]

1. e4 e5 2. Nf3 Nc6 3. Bb5 a6 4. Ba4 Nf6 5. O-O Be7 6. Re1 b5 7. Bb3 O-O 8. h3
Bb7 9. d3 d6 10. a3 Na5 11. Ba2 c5 12. Nbd2 Qc7 13. Nf1 Rfe8 14. Ng3 Bd8 15.
Bd2 Rc8 16. Nf5 Qd7 17. g4 d5 18. exd5 e4 19. dxe4 Nxe4 20. Bf4 c4 21. Ne5 Qxd5
22. Qxd5 Bxd5 23. Rxe4 Bxe4 24. Nd6 Bc7 25. Nxe8 Rxe8 26. Nxc4 Bxf4 27. Nxa5
Bxc2 28. Nc6 Be4 29. Nb4 a5 30. Nd5 Bb8 31. Rc1 Kf8 32. Rc5 Bf3 33. Ne3 Be2 34.
Rf5 f6 35. Rd5 Be5 36. Rd7 Re7 37. Rd2 Bf3 38. Nf5 Bf4 39. Rd8+ Re8 40. Rxe8+
Kxe8 41. Nxg7+ Kd7 42. Ne6 Be5 43. Nc5+ Kc6 44. Nd3 Bd4 45. b3 Bd1 46. Kf1 Bc2
47. Ne1 Bd1 48. Ng2 Bb2 49. Ne3 Bf3 50. Nc2 Be4 51. Bb1 Kc5 52. b4+ axb4 53.
axb4+ Kd6 54. Ke2 Ke5 55. Ke3 h6 56. f4+ Kd5 57. Ba2+ Kd6 58. Kxe4 Bc3 59. Bf7
Ke7 60. Bd5 Kd6 1-0

[Event "XVII Festival A"]
[Site "Campobasso ITA"]
[Date "2010.07.25"]
[Round "5"]
[White "Pastore, Giuseppe"]
[Black "Gatti, Francesco"]
[Result "0-1"]
[WhiteElo "1671"]
[BlackElo "1823"]
[PlyCount "118"]
[EventDate "2010.07.23"]

1. d4 Nf6 2. Nf3 g6 3. c4 Bg7 4. Nc3 O-O 5. e3 d6 6. Be2 Nbd7 7. e4 e5 8. d5
Ne8 9. O-O f5 10. Ng5 Ndf6 11. exf5 gxf5 12. f3 h6 13. Nh3 f4 14. Nf2 Nh5 15.
Nfe4 Bd7 16. g4 fxg3 17. hxg3 Nhf6 18. Be3 Nxe4 19. Nxe4 Nf6 20. Qd2 Kh7 21.
Kg2 Nxe4 22. Bd3 Bf5 23. fxe4 Bg4 24. Be2 Qd7 25. Rh1 Rf6 26. Rh4 Bxe2 27. Qxe2
Qf7 28. Rah1 Rh8 29. Bg5 Rg6 30. Rf1 Qe8 31. Be3 Qe7 32. Rh3 Rf8 33. Rxf8 Qxf8
34. Rh5 Qf7 35. Rf5 Rf6 36. g4 Qg6 37. Qf3 Kg8 38. Rxf6 Bxf6 39. Qf5 Kg7 40.
Qd7+ Qf7 41. Qxf7+ Kxf7 42. Bxh6 Kg6 43. Be3 b6 44. Kg3 Bd8 45. b4 Be7 46. a4
a6 47. a5 bxa5 48. bxa5 Bf8 49. Kh4 Be7+ 50. g5 Bf8 51. Kg4 Be7 52. Kh4 Bf8 53.
Bb6 Be7 54. Bxc7 Bxg5+ 55. Kg4 Be7 56. c5 dxc5 57. Bxe5 c4 58. Bc3 Bc5 59. e5
Kf7 0-1

[Event "XVII Festival A"]
[Site "Campobasso ITA"]
[Date "2010.07.25"]
[Round "5"]
[White "Procacci, Sergio"]
[Black "Gromovs, Sergejs"]
[Result "0-1"]
[WhiteElo "2043"]
[BlackElo "2365"]
[PlyCount "48"]
[EventDate "2010.07.23"]

1. f4 e5 2. e4 d5 3. exd5 e4 4. d3 Nf6 5. dxe4 Nxe4 6. Nf3 Bc5 7. Qe2 f5 8. Be3
Bd6 9. Nbd2 O-O 10. O-O-O Na6 11. g3 Nb4 12. Kb1 Qe7 13. Nxe4 fxe4 14. Ng5 h6
15. Nh3 c6 16. Nf2 Nxd5 17. Bg2 Bf5 18. g4 Nxe3 19. gxf5 Nxg2 20. Rhg1 Nxf4 21.
Qg4 Nd5 22. Nxe4 Nf6 23. Nxf6+ Rxf6 24. Qc4+ Qf7 0-1

[Event "XVII Festival A"]
[Site "Campobasso ITA"]
[Date "2010.07.25"]
[Round "5"]
[White "Radice, Mario"]
[Black "Cardone, Andrea"]
[Result "0-1"]
[WhiteElo "1917"]
[BlackElo "1890"]
[PlyCount "104"]
[EventDate "2010.07.23"]

1. e4 d5 2. exd5 Qxd5 3. Nc3 Qa5 4. d4 c6 5. Bd2 Qd8 6. Nf3 Bg4 7. Be3 Nf6 8.
Be2 g6 9. h3 Bxf3 10. Bxf3 Bg7 11. Qd2 Nbd7 12. Rd1 Nb6 13. Bh6 Nc4 14. Qc1 O-O
15. Bxg7 Kxg7 16. O-O Qc7 17. d5 Ne5 18. Qf4 Nxf3+ 19. Qxf3 Nxd5 20. Nxd5 cxd5
21. Qxd5 Rad8 22. Qb3 b6 23. c3 Rxd1 24. Rxd1 Rd8 25. Rd5 Rxd5 26. Qxd5 Qd6 27.
Qxd6 exd6 28. Kf1 Kf6 29. Ke2 Ke5 30. Ke3 f5 31. a4 f4+ 32. Kd3 h5 33. h4 d5
34. f3 a6 35. b4 b5 36. a5 Ke6 37. Ke2 Ke5 38. Kf2 d4 39. Ke2 dxc3 40. Kd3 c2
41. Kxc2 Kd4 42. Kb3 Ke3 43. Kc3 Kf2 44. Kd4 Kxg2 45. Kc5 Kxf3 46. Kb6 Ke3 47.
Kxa6 f3 48. Kb6 f2 49. a6 f1=Q 50. a7 Qf3 51. Kc7 Kd4 52. Kb8 Kc4 0-1

[Event "XVII Festival A"]
[Site "Campobasso ITA"]
[Date "2010.07.25"]
[Round "5"]
[White "Scagliarini, Bruno"]
[Black "Giacchetti, Lorenzo"]
[Result "1-0"]
[WhiteElo "1904"]
[BlackElo "1843"]
[PlyCount "47"]
[EventDate "2010.07.23"]

1. c4 e5 2. Nc3 Nf6 3. Nf3 Nc6 4. g3 d5 5. cxd5 Nxd5 6. Bg2 Nb6 7. O-O Be6 8.
a3 Be7 9. b4 O-O 10. Rb1 f6 11. d3 a5 12. b5 Nd4 13. Nxd4 exd4 14. Ne4 Nd5 15.
Bb2 f5 16. Nd2 f4 17. Qa4 fxg3 18. hxg3 Bc5 19. Nf3 Qd6 20. Rbc1 Rf6 21. Ng5
Rg6 22. Ne4 Qe5 23. Rxc5 Rh6 24. Qxd4 1-0

[Event "XVII Festival A"]
[Site "Campobasso ITA"]
[Date "2010.07.25"]
[Round "5"]
[White "Sellitti, Federico"]
[Black "Mazzarella, Antonio"]
[Result "0-1"]
[WhiteElo "2141"]
[BlackElo "2018"]
[PlyCount "80"]
[EventDate "2010.07.23"]

1. e4 e6 2. d4 d5 3. Nd2 dxe4 4. Nxe4 Bd7 5. Nf3 Bc6 6. Bd3 Nd7 7. Qe2 Ngf6 8.
Bg5 Be7 9. Nxf6+ Bxf6 10. Bf4 Bxf3 11. Qxf3 c6 12. O-O-O Nb6 13. Be5 Bxe5 14.
dxe5 Qg5+ 15. Kb1 Qxe5 16. Be4 O-O 17. Rhe1 Qf6 18. Qe2 Rfd8 19. Bd3 g6 20. g3
Rd5 21. h4 Rad8 22. h5 Rxh5 23. f4 Rhd5 24. b3 Qc3 25. Rh1 Ra5 26. Bxg6 Rxd1+
27. Qxd1 Nd5 28. Bxf7+ Kxf7 29. Rxh7+ Kf8 30. Qh5 Qf6 31. Rh8+ Ke7 32. Qe8+ Kd6
33. Qb8+ Kc5 34. b4+ Nxb4 35. Rh5+ Nd5 36. Re5 Qh6 37. a4 Qh1+ 38. Kb2 Rxa4 39.
Qf8+ Kb6 40. Qd8+ Ka6 0-1

[Event "XVII Festival A"]
[Site "Campobasso ITA"]
[Date "2010.07.25"]
[Round "5"]
[White "Sellitti, Luca"]
[Black "Cocchia, Umberto"]
[Result "1-0"]
[WhiteElo "1956"]
[BlackElo "1903"]
[PlyCount "41"]
[EventDate "2010.07.23"]

1. f4 d5 2. d4 Nf6 3. Nf3 g6 4. e3 Bg7 5. Bd3 O-O 6. O-O c5 7. c3 c4 8. Bc2 Bg4
9. h3 Bd7 10. Nbd2 Nc6 11. Ne5 Nh5 12. Qe1 Bh8 13. e4 Nxe5 14. fxe5 e6 15. Nf3
Ng7 16. Bg5 Qb6 17. Rb1 f5 18. exf6 Ne8 19. Ne5 Bc8 20. f7+ Rxf7 21. Nxf7 1-0

[Event "XVII Festival A"]
[Site "Campobasso ITA"]
[Date "2010.07.25"]
[Round "5"]
[White "Sengupta, Deep"]
[Black "Rusev, Krasimir"]
[Result "1/2-1/2"]
[WhiteElo "2527"]
[BlackElo "2543"]
[PlyCount "89"]
[EventDate "2010.07.23"]

1. e4 e5 2. Nf3 Nc6 3. d4 exd4 4. Bc4 Nf6 5. e5 d5 6. Bb5 Ne4 7. Nxd4 Bd7 8.
Bxc6 bxc6 9. O-O g6 10. Nd2 Nxd2 11. Bxd2 c5 12. Nf3 h6 13. Bf4 Be6 14. c3 Qd7
15. Qd2 Rb8 16. b3 a5 17. Rab1 g5 18. Bg3 Be7 19. Rfd1 Qc6 20. h4 Rg8 21. hxg5
hxg5 22. Nh2 Rd8 23. Rbc1 Rh8 24. Qe2 Kf8 25. c4 d4 26. f3 Kg7 27. Qd2 a4 28.
bxa4 Qxa4 29. f4 Qa3 30. Nf1 Rh5 31. fxg5 Rdh8 32. Bf4 Rh4 33. Rb1 Qc3 34. Rdc1
Qxd2 35. Bxd2 Re4 36. a4 Rxe5 37. a5 Ra8 38. Ra1 Ra6 39. Bf4 Rxg5 40. Bxc7 Bc8
41. Bb6 Ra8 42. Ra2 Bd6 43. Rf2 Bb7 44. Ra1 Kg6 45. Ra3 1/2-1/2

[Event "XVII Festival A"]
[Site "Campobasso ITA"]
[Date "2010.07.25"]
[Round "5"]
[White "Stromboli, Ettore"]
[Black "Sabia, Corrado"]
[Result "1-0"]
[WhiteElo "2259"]
[BlackElo "2212"]
[PlyCount "95"]
[EventDate "2010.07.23"]

1. e4 e5 2. Nf3 Nc6 3. Bb5 a6 4. Bxc6 dxc6 5. O-O Bg4 6. h3 Bh5 7. g4 Bg6 8.
Nxe5 Qh4 9. Qf3 f6 10. Nxg6 hxg6 11. Kg2 Bd6 12. d4 O-O-O 13. Rh1 Ne7 14. g5
Kb8 15. Nc3 c5 16. dxc5 Bxc5 17. Qg3 Qh5 18. Bf4 Bd6 19. Bxd6 Rxd6 20. Rad1
Rhd8 21. Qg4 fxg5 22. Rxd6 Rxd6 23. Rd1 Rxd1 24. Nxd1 Nc6 25. Ne3 Nd4 26. c3
Ne2 27. Qxh5 gxh5 28. Nf5 Nf4+ 29. Kg3 Ne6 30. Nd4 Nf8 31. f4 c5 32. Nf5 g6 33.
fxg5 Kc7 34. Ne3 Ne6 35. h4 b5 36. Nd5+ Kd6 37. Nf4 Nf8 38. Kf3 Ke5 39. Ke3 Kd6
40. b3 Ke5 41. Nd3+ Kd6 42. Nf4 Ke5 43. a3 Kd6 44. c4 bxc4 45. bxc4 a5 46. a4
Ke7 47. e5 Kf7 48. Ke4 1-0

[Event "XVII Festival A"]
[Site "Campobasso ITA"]
[Date "2010.07.25"]
[Round "5"]
[White "Vena, Alessio"]
[Black "Paduano, Gennaro"]
[Result "1-0"]
[WhiteElo "1900"]
[BlackElo "1934"]
[PlyCount "113"]
[EventDate "2010.07.23"]

1. e4 c5 2. c3 Nf6 3. e5 Nd5 4. d4 cxd4 5. Nf3 Nc6 6. cxd4 d6 7. Bc4 Nb6 8. Bb5
a6 9. Bxc6+ bxc6 10. exd6 Qxd6 11. O-O g6 12. Re1 Bg7 13. Qe2 Ra7 14. Nc3 O-O
15. Ne5 a5 16. Qf3 Bb7 17. Bf4 Nd5 18. Ne4 Qd8 19. Bg3 Nb4 20. Qc3 f6 21. Qc4+
Kh8 22. Nf7+ Rxf7 23. Qxf7 Nc2 24. Nc5 Ba8 25. Rac1 Nxe1 26. Rxe1 Qg8 27. Qxg8+
Kxg8 28. Bb8 Rb7 29. Nxb7 Bxb7 30. Rxe7 Ba6 31. Ra7 Bc4 32. Rxa5 Bd5 33. Bd6 h5
34. b4 Bc4 35. a4 Bb3 36. b5 cxb5 37. axb5 Bd5 38. b6 Bc6 39. Rc5 Bb7 40. Rc7
Bd5 41. b7 Bxb7 42. Rxb7 g5 43. d5 f5 44. Rxg7+ Kxg7 45. f4 g4 46. g3 Kf7 47.
Be5 Ke7 48. Kg2 Kd7 49. h3 Ke7 50. h4 Kd7 51. Kf2 Kc8 52. Ke3 Kb7 53. Kd4 Kb6
54. Bf6 Kc7 55. Ke5 Kd7 56. d6 Kc6 57. Ke6 1-0

[Event "XVII Festival A"]
[Site "Campobasso ITA"]
[Date "2010.07.25"]
[Round "5"]
[White "Zherebukh, Yaroslav"]
[Black "Stromboli, Carlo"]
[Result "1/2-1/2"]
[WhiteElo "2572"]
[BlackElo "2285"]
[PlyCount "128"]
[EventDate "2010.07.23"]

1. e4 e5 2. Nf3 Nc6 3. Bb5 a6 4. Ba4 Nf6 5. O-O b5 6. Bb3 Bc5 7. a4 Bb7 8. c3
d6 9. d3 h6 10. Nh4 Ne7 11. Qf3 Qd7 12. axb5 axb5 13. Rxa8+ Bxa8 14. h3 d5 15.
Qg3 g5 16. Qxe5 Qd6 17. Qxd6 Bxd6 18. Nf5 dxe4 19. Nxd6+ cxd6 20. dxe4 Nxe4 21.
Na3 Bc6 22. Nc2 Nc5 23. Ba2 Nd3 24. Rd1 Nxc1 25. Rxc1 O-O 26. Re1 Re8 27. Nd4
Bd7 28. Bb3 Kf8 29. Ra1 Nf5 30. Nc2 Be6 31. Bxe6 Rxe6 32. Kf1 d5 33. g4 Nd6 34.
Nd4 Re4 35. Ra8+ Re8 36. Ra6 Rd8 37. Rb6 Kg8 38. Nxb5 Nc4 39. Rxh6 Rb8 40. Nc7
Rxb2 41. Nxd5 Nd2+ 42. Kg2 Ne4 43. Kf3 Kg7 44. Rh5 Nd2+ 45. Ke2 f6 46. Ne3 Ne4+
47. Kd3 Nxf2+ 48. Kc4 Ne4 49. Nf5+ Kg8 50. Kd4 Nf2 51. Rh6 Kf7 52. c4 Rd2+ 53.
Kc5 Nd3+ 54. Kb6 Rb2+ 55. Kc7 Rc2 56. Ne3 Rxc4+ 57. Nxc4 Kg7 58. Rh5 Nf4 59.
Ne3 Nxh5 60. gxh5 Kh6 61. Kd6 Kxh5 62. Ng2 f5 63. Ke5 f4 64. Ke4 g4 1/2-1/2

[Event "XVII Festival A"]
[Site "Campobasso ITA"]
[Date "2010.07.25"]
[Round "6"]
[White "Adriani, Vieri"]
[Black "Gerardi, Saverio"]
[Result "1-0"]
[WhiteElo "2173"]
[BlackElo "2193"]
[PlyCount "60"]
[EventDate "2010.07.23"]

1. d4 d5 2. c4 e6 3. Nc3 Nf6 4. Bg5 Be7 5. e3 c6 6. Nf3 Nbd7 7. Bd3 dxc4 8.
Bxc4 b5 9. Bd3 a6 10. a4 b4 11. Bxf6 gxf6 12. Ne4 f5 13. Ned2 c5 14. O-O Bb7
15. Qe2 cxd4 16. exd4 Nf6 17. Rac1 Rg8 18. Rfe1 Nd5 19. g3 h5 20. Kf1 h4 21.
Nc4 hxg3 22. hxg3 f4 23. Nfe5 fxg3 24. Qh5 g2+ 25. Kg1 Rg7 26. Nxf7 Nf4 27.
Qh8+ Kxf7 28. Ne5+ Kf6 29. Qh6+ Ng6 30. Bxg6 Bf8 1-0

[Event "XVII Festival A"]
[Site "Campobasso ITA"]
[Date "2010.07.25"]
[Round "6"]
[White "Bocci, Alessandro"]
[Black "Arbore, Daniele"]
[Result "1-0"]
[WhiteElo "1961"]
[BlackElo "1374"]
[PlyCount "99"]
[EventDate "2010.07.23"]

1. d4 d5 2. c4 c6 3. Nf3 Nf6 4. e3 Bf5 5. Nc3 Nbd7 6. Nh4 Bg6 7. Nxg6 hxg6 8.
g3 e6 9. a3 c5 10. dxc5 Nxc5 11. cxd5 Nxd5 12. Bb5+ Ke7 13. Nxd5+ Qxd5 14. O-O
a6 15. Qxd5 exd5 16. Be2 Ke6 17. b4 Nd7 18. Bb2 Rh7 19. Bf3 Be7 20. Bg2 Rah8
21. h3 Bf6 22. Bxf6 Nxf6 23. Rac1 Kd6 24. Rfd1 Re8 25. Rd2 Re5 26. Rc8 Kd7 27.
Rb8 Kc6 28. Rc2+ Kb6 29. a4 Re8 30. Rxe8 Nxe8 31. Bxd5 Nd6 32. h4 f6 33. Kg2
Rh8 34. f4 Re8 35. Kf3 f5 36. Re2 Kc7 37. e4 Nxe4 38. Bxe4 Rxe4 39. Rxe4 fxe4+
40. Kxe4 Kd6 41. a5 Kc6 42. Kd4 Kb5 43. Kc3 Kc6 44. Kc4 Kd6 45. b5 axb5+ 46.
Kxb5 Kc7 47. g4 g5 48. fxg5 g6 49. h5 gxh5 50. gxh5 1-0